000 00573nam a2200217Ia 4500
003 OSt
005 20230425163349.0
008 210423s2011 xx 000 0 und d
020 _a978-1-85168-730-5
040 _cAL
041 _aeng
082 _a801.95
_223
_b CONL
100 _aCONNORS (Clare)
_993031
245 _aLiterary theory: a beginners guide
260 _aEngland
_bOne World Publications
_c2011
300 _a227
_bPB
365 _b295
_cINR
650 _aLiterary Theory
_993032
906 _abeginners ; guide ; Literary ; theory:
942 _2ddc
_cBK
999 _c161063
_d161063